Central Library OPAC University of Rajshahi

Politics, bureaucracy and rural development in Senegal / (Record no. 40704)

MARC details
000 -LEADER
fixed length control field 00942nam a2200301 a 4500
001 - CONTROL NUMBER
control field 40704
003 - CONTROL NUMBER IDENTIFIER
rucl marc code BD-RjUL
005 - DATE AND TIME OF LATEST TRANSACTION
control field 20211209053252.0
008 - FIXED-LENGTH DATA ELEMENTS--GENERAL INFORMATION
fixed length control field 750725s1975 enk eng c
020 ## - INTERNATIONAL STANDARD BOOK NUMBER
International Standard Book Number 0520020871
035 ## - SYSTEM CONTROL NUMBER
System control number MITb10009540
System control number (BD-RjUL)40819
040 ## - CATALOGING SOURCE
Original cataloging agency Smith College
Language of cataloging eng
Transcribing agency BD-RjUL
041 ## - LANGUAGE CODE
Language code of text/sound track or separate title eng
082 ## - DEWEY DECIMAL CLASSIFICATION NUMBER
Edition number 23
Classification number 324.2663
Author mark and year SCP 1975
090 ## - LOCALLY ASSIGNED LC-TYPE CALL NUMBER (OCLC); LOCAL CALL NUMBER (OCLC)
Classification number (OCLC) (R) ; Classification number, CALL (RLIN) (NR) JQ3396.A5
Local cutter number (OCLC) ; Book number/undivided call number, CALL (RLIN) S3
099 ## - LOCAL FREE-TEXT CALL NUMBER (OCLC)
Bangla Class number JQ3396.A5.S3
100 10 - MAIN ENTRY--PERSONAL NAME
Personal name Schumacher, Edward J.
9 (RLIN) 125235
245 10 - TITLE STATEMENT
Title Politics, bureaucracy and rural development in Senegal /
Statement of responsibility, etc. Edward J. Schumacher.
260 ## - PUBLICATION, DISTRIBUTION, ETC. (IMPRINT)
Place of publication, distribution, etc. Berkeley :
Name of publisher, distributor, etc. University of California Press,
Date of publication, distribution, etc. 1975.
300 ## - PHYSICAL DESCRIPTION
Pagination xxi, 279 p. :
Illustrations map ;
Size 24 cm.
500 ## - GENERAL NOTE
General note Includes index.
504 ## - BIBLIOGRAPHY, ETC. NOTE
Bibliography, etc Bibliography: p. 269-273.
650 #0 - SUBJECT ADDED ENTRY--TOPICAL TERM
Topical term or geographic name as entry element Political parties
Geographic subdivision Senegal.
9 (RLIN) 125236
Topical term or geographic name as entry element Agriculture and state
Geographic subdivision Senegal.
9 (RLIN) 125237
651 #0 - SUBJECT ADDED ENTRY--GEOGRAPHIC NAME
Geographic name Senegal
General subdivision Politics and government.
9 (RLIN) 125238
942 ## - ADDED ENTRY ELEMENTS (KOHA)
Source of classification or shelving scheme Dewey Decimal Classification
Koha item type Books
Holdings
Lost status Source of classification or shelving scheme Damaged status Not for loan Collection code Permanent Location Current Location Shelving location Date acquired Source of acquisition Cost, normal purchase price Total Checkouts Full call number Date last seen Copy number Koha item type
  Dewey Decimal Classification     Non-fiction Central Library, University of Rajshahi Central Library, University of Rajshahi   02/01/1982 Heffu 24.50   324.2663 SCP 1975 09/05/2016 C-2 Books